Los presupuestos municipales a los ojos de la razón (Record no. 156281)

MARC details
000 -LEADER
campo de control de longitud fija 00853nam a2200181 i 4500
001 - NÚMERO DE CONTROL
campo de control 156281
003 - IDENTIFICADOR DE NÚMERO DE CONTROL
campo de control ES-MaACL
005 - FECHA Y HORA DE LA ÚLTIMA TRANSACCIÓN
campo de control 20230906210352.0
008 - DATOS DE LONGITUD FIJA--INFORMACIÓN GENERAL
campo de control de longitud fija 040804s1883 sp |||| | spa d
040 ## - FUENTE DE CATALOGACIÓN
Centro catalogador/agencia de origen CAM
Lengua de catalogación spa
Centro/agencia transcriptor CAM
100 0# - ENTRADA PRINCIPAL--NOMBRE DE PERSONA
Nombre de persona Javier.
9 (RLIN) 128284
245 14 - MENCIÓN DEL TÍTULO
Título Los presupuestos municipales a los ojos de la razón
Resto del título : colección de artículos dedicados al estudio de los presupuestos de la ciudad de Barcelona para el ejercicio económico de 1883-84 /
Mención de responsabilidad, etc. y publicados en el periódico "La Vanguardia" por Javier.
260 ## - PUBLICACIÓN, DISTRIBUCIÓN, ETC.
Lugar de publicación, distribución, etc. Barcelona :
Nombre del editor, distribuidor, etc. [s.n.],
Fecha de publicación, distribución, etc. 1883 (
Fabricante Establecimiento tipográfico de los Sucesores de N. Ramírez y Cª)
300 ## - DESCRIPCIÓN FÍSICA
Extensión 52 p. ;
Dimensiones 26 cm.
500 ## - NOTA GENERAL
Nota general Artículos publicados en "La Vanguardia"
650 #4 - PUNTO DE ACCESO ADICIONAL DE MATERIA--TÉRMINO DE MATERIA
Término de materia o nombre geográfico como elemento de entrada Presupuestos-
Subdivisión geográfica Barcelona .
9 (RLIN) 166912
852 ## - LOCALIZACIÓN
Ubicación ES-MaACL
Número de control de estantería T-385-F-13
Nota libre -- Enc. hol.
-- -- Enc. en un vol. facticio
Holdings
Estatus retirado Estado de pérdida Estado de daño No para préstamo Colección Biblioteca de origen Biblioteca actual Ubicación en estantería Fecha de adquisición Total de préstamos Signatura topográfica completa Código de barras Visto por última vez Precio de reemplazo Tipo de ítem Koha
        Colección de folletos Biblioteca del Ateneo de Madrid Biblioteca del Ateneo de Madrid Depósito folletos 17/01/2008   T-385-F-13 1163502 23/02/2023 23/02/2023 Folleto